[Event "20th Heraklion IT Open 2017"]
[Site "Heraklion"]
[Date "2017.04.18"]
[Round "3"]
[White "Spirou, Gerasimos"]
[Black "Maris, Ioannis"]
[Result "0-1"]
[WhiteElo "1692"]
[BlackElo "1967"]
[Annotator "NA"]
[PlyCount "44"]
[EventDate "2017.??.??"]
[EventType "swiss"]
[EventCountry "GRE"]
[SourceTitle "playchess.com"]
[Source "ChessBase"]
[SourceQuality "1"]
[TimeControl "40/5400+30:1800+30"]

{[%evp 8,43,18,-1,14,13,32767,8,6,-16,0,-14,-17,-20,-13,-27,-15,-72,-54,-118,-126,-266,-235,-377,-149,-181,-164,-165,-154,-259,32767,32767,32767,32767,-606,-639,-647,-674]} 1. e4 {[%emt 0:04:09]} c5 {[%emt 0:00:17]} 2. Nf3 {[%emt 0:01:28]} d6 {[%emt 0:00:20]} 3. c3 {[%emt 0:02:59]} Nf6 {[%emt 0:01:30]} 4. Bd3 {[%emt 0:00:19]} Nc6 {[%emt 0:02:43] LiveBook: 580 Games} 5. Bc2 {[%emt 0:00:33]} Bg4 {[%emt 0:01:49]} 6. h3 {[%emt 0:00:37]} Bh5 {[%emt 0:01:47]} 7. d3 {[%emt 0:04:22]} e6 {[%emt 0:04:49]} 8. Be3 {[%emt 0:04:23] B50: Sicilian: 2...d6, Miscellaneous} (8. Nbd2 Qc7 9. Nf1 d5 10. exd5 exd5 11. Ng3 Bg6 12. O-O O-O-O 13. a3 Bd6 14. b4 c4 15. d4 Rhe8 16. Nf5 {½-½ (45) Aronian,L (2797)-Nakamura,H (2767) Saint Louis 2014}) 8... Be7 {[%emt 0:02:16]} 9. Nbd2 {[%emt 0:00:52]} O-O $146 {[%emt 0:02:01]} (9... d5 10. Ba4 Qc7 11. Bxc6+ bxc6 12. Qa4 Nd7 13. a3 O-O 14. O-O a5 15. Rab1 f6 16. exd5 cxd5 {0-1 (37) Iakymov,V (2469)-Roiz,M (2593) Israel 2016}) 10. Qe2 {[%emt 0:15:36]} h6 {[%emt 0:08:13]} 11. g4 {[%emt 0:06:12]} Bg6 {[%emt 0:00:03]} 12. g5 {[%emt 0:02:34]} (12. Bf4 $11 {remains equal.}) 12... hxg5 {[%emt 0:00:20]} 13. Nxg5 {[%emt 0:00:34]} d5 {[%emt 0:02:14]} 14. f4 {[%emt 0:01:42] [#]} (14. Rg1 $17 d4 15. Nxe6 fxe6 16. Rxg6) 14... d4 $1 {[%emt 0:01:43]} 15. Bf2 $2 {[%emt 0:00:30]} (15. cxd4 cxd4 16. Bg1) 15... Bh5 {[%emt 0:03:55]} (15... Nh5 $19 {and Black stays clearly on top.} 16. Qg4 {[#]} Nxf4 $1 {[%mdl 512]} 17. Qxf4 Bxg5) 16. Ngf3 {[%emt 0:00:23]} dxc3 {[%emt 0:01:31]} 17. bxc3 {[%emt 0:00:09]} Qa5 {[%emt 0:02:17]} 18. c4 {[%emt 0:05:49]} (18. Rc1 $17 {keeps fighting.}) 18... Qc3 {[%emt 0:03:40]} 19. Rc1 {[%emt 0:01:01]} Nb4 {[%emt 0:00:23]} 20. Kd1 {[%emt 0:03:08]} Nxa2 {[%emt 0:03:46]} 21. Rb1 {[%emt 0:00:26]} Qa3 {[%emt 0:00:25]} 22. Ke1 $19 {[%emt 0:02:13]} Nc3 {[%emt 0:00:47]} 0-1

[Event "20th Heraklion IT Open 2017"]
[Site "Heraklion"]
[Date "2017.04.18"]
[Round "3"]
[White "Galanakis, Nikos"]
[Black "Bras, Emanouel"]
[Result "0-1"]
[WhiteElo "1588"]
[BlackElo "1898"]
[Annotator "NA RC"]
[PlyCount "82"]
[EventDate "2017.??.??"]
[EventType "swiss"]
[EventCountry "GRE"]
[SourceTitle "playchess.com"]
[Source "ChessBase"]
[SourceQuality "1"]
[TimeControl "40/5400+30:1800+30"]

{[%evp 8,80,-6,11,22,-11,-2,0,32767,0,-2,-8,-1,3,28,0,-10,-19,-10,-43,-20,-37,32767,-13,32767,22,68,0,71,32,8,32767,32767,32767,18,0,0,0,0,0,0,0,0,0,23,20,30,14,27,7,50,47,42,44,41,43,43,7,20,0,41,39,40,14,54,0,0,-13,-10,-269,-271,-386,-397,-29998,-29999]} 1. c4 {[%emt 0:01:24]} e5 {[%emt 0:00:13]} 2. Nc3 {[%emt 0:01:24]} Nf6 {[%emt 0:00:27]} 3. g3 {[%emt 0:00:53]} d5 {[%emt 0:00:11]} 4. cxd5 {[%emt 0:00:45]} Nxd5 {[%emt 0:00:06]} 5. Bg2 {[%emt 0:00:22]} Nb6 {[%emt 0:00:09]} 6. Nf3 {[%emt 0:06:50]} Nc6 {[%emt 0:00:08]} 7. O-O {[%emt 0:03:40] LiveBook: 3148 Games} Be7 {[%emt 0:01:51]} 8. b3 {[%emt 0:07:38]} O-O {[%emt 0:02:26]} 9. Bb2 {[%emt 0:01:24]} f5 {[%emt 0:04:29]} 10. d3 {[%emt 0:06:07] A29: English Opening: Four Knights Variation with 4 g3} (10. d4 e4 11. Ne5 Nxe5 12. dxe5 Be6 13. Nb5 Bd5 14. Qc2 c6 15. Nd4 Qd7 16. e3 Qc7 17. g4 fxg4 18. Bxe4 Qxe5 19. Bxh7+ {1-0 (35) Lai,H (2334)-Spoelman,W (2583) Amstelveen 2015}) 10... a6 {[%emt 0:02:06]} 11. a3 $146 {[%emt 0:01:33]} (11. Rc1 Bf6 12. e3 Be6 13. Ba3 Be7 14. Bxe7 Qxe7 15. Qe2 Rad8 16. Rfd1 Bc8 17. Qb2 f4 18. Ne2 fxe3 19. fxe3 Bg4 20. Rxc6 bxc6 21. Nxe5 Bxe2 {½-½ (58) Cordon,I-Singh,S Dubai 1986}) 11... Be6 {[%emt 0:01:30]} 12. Qc2 {[%emt 0:02:38]} Bf6 {[%emt 0:06:18]} 13. Rfd1 {[%emt 0:03:52]} Qe7 {[%emt 0:05:25]} 14. Rab1 {[%emt 0:07:11]} g5 {[%emt 0:06:56]} 15. e3 {[%emt 0:06:32]} g4 {[%emt 0:13:27]} 16. Nd2 {[%emt 0:02:48]} Qf7 {[%emt 0:06:09]} (16... Rad8 $11) 17. Nc4 {[%emt 0:01:03]} Nxc4 {[%emt 0:06:58]} (17... Bg7 $11) 18. dxc4 {[%emt 0:01:44]} e4 {[%emt 0:01:26]} 19. Ne2 {[%emt 0:08:54]} Bxb2 {[%emt 0:06:36]} 20. Qxb2 {[%emt 0:01:03]} Qg7 {[%emt 0:00:59]} 21. Nf4 {[%emt 0:01:40]} Qxb2 {[%emt 0:04:40]} 22. Rxb2 {[%emt 0:00:21]} Kf7 {[%emt 0:00:32]} 23. Rbd2 {[%emt 0:08:47]} Rad8 {[%emt 0:02:33]} 24. h3 {[%emt 0:01:58]} Rxd2 {[%emt 0:00:50]} 25. Rxd2 {[%emt 0:00:22]} h5 {[%emt 0:00:47]} 26. Nxh5 {[%emt 0:02:27]} gxh3 {[%emt 0:01:29]} 27. Bxh3 {[%emt 0:00:38]} Ne5 {[%emt 0:01:01]} 28. Bg2 {[%emt 0:00:41]} b5 {[%emt 0:01:52]} 29. cxb5 {[%emt 0:01:24]} axb5 {[%emt 0:00:04]} 30. Rc2 {[%emt 0:02:06]} Bxb3 {[%emt 0:10:49]} 31. Rxc7+ {[%emt 0:00:34]} Ke6 {[%emt 0:00:45]} 32. Nf4+ {[%emt 0:06:39]} Kd6 {[%emt 0:00:38]} 33. Rc3 {[%emt 0:00:52]} Bd1 {[%emt 0:03:16]} 34. Rc1 {[%emt 0:01:32]} Bg4 {[%emt 0:01:42]} 35. Rb1 {[%emt 0:01:43]} Rc8 {[%emt 0:02:27]} 36. Kf1 {[%emt 0:03:20]} Rc3 {[%emt 0:00:47]} 37. Ra1 {[%emt 0:01:03]} Nc4 {[%emt 0:01:00]} 38. Ke1 $2 {[%emt 0:02:31]} (38. Ne2 $1 $11 {and White is okay.} Bxe2+ 39. Kxe2) 38... Nxa3 {[%emt 0:01:06]} ({Worse is} 38... Rxa3 39. Rxa3 Nxa3 40. Kd2 $11) 39. Ra2 {[%emt 0:02:32]} b4 {[%emt 0:04:59]} 40. Kd2 {[%emt 0:00:00]} ({But not} 40. Rd2+ $2 Kc6 41. f3 Rxe3+ 42. Kf2 Bxf3 43. Kxe3 Nc4+ 44. Kd4 Nxd2 $19) (40. f3 $19 exf3 41. Bf1) 40... Nb1+ {[%emt 0:00:32]} 41. Ke1 {[%emt 0:02:42]} Ke5 0-1

[Event "20th Heraklion IT Open 2017"]
[Site "Heraklion"]
[Date "2017.04.18"]
[Round "3"]
[White "Lianeris, Andreas"]
[Black "Pelantakis, Mihail"]
[Result "1/2-1/2"]
[WhiteElo "1543"]
[BlackElo "1737"]
[Annotator "NA RC"]
[PlyCount "115"]
[EventDate "2017.??.??"]
[EventType "swiss"]
[EventCountry "GRE"]
[SourceTitle "playchess.com"]
[Source "ChessBase"]
[SourceQuality "1"]
[TimeControl "40/5400+30:1800+30"]

1. e4 {[%emt 0:01:08]} c5 {[%emt 0:00:05]} 2. Nf3 {[%emt 0:00:32]} d6 {[%emt 0:00:06]} 3. Bb5+ {[%emt 0:01:27]} Bd7 {[%emt 0:00:40]} 4. Bxd7+ {[%emt 0:00:09]} Qxd7 {[%emt 0:00:08]} 5. O-O {[%emt 0:01:04]} Nf6 {[%emt 0:00:25]} 6. Qe2 {[%emt 0:00:27]} Nc6 {[%emt 0:00:23]} 7. c3 {[%emt 0:00:31]} e6 {[%emt 0:00:16]} 8. d4 {[%emt 0:00:22]} cxd4 {[%emt 0:00:05]} 9. cxd4 {[%emt 0:00:04]} d5 {[%emt 0:00:06]} 10. e5 {[%emt 0:00:10]} Ne4 {[%emt 0:00:15]} 11. Be3 {[%emt 0:00:10]} Be7 {[%emt 0:00:51]} 12. Ne1 {[%emt 0:02:10]} f6 {[%emt 0:00:46]} 13. f3 {[%emt 0:01:04]} Ng5 {[%emt 0:00:13]} 14. Nd3 {[%emt 0:00:21]} Nf7 {[%emt 0:01:52]} 15. f4 {[%emt 0:00:38]} O-O {[%emt 0:00:23]} 16. Nd2 {[%emt 0:01:29]} f5 {[%emt 0:01:13]} 17. Nf3 {[%emt 0:02:55]} b6 {[%emt 0:00:41]} 18. Bd2 {[%emt 0:00:29]} Rfc8 {[%emt 0:02:19]} 19. Rfc1 {[%emt 0:03:55]} Rc7 {[%emt 0:00:42]} 20. a3 {[%emt 0:01:27]} a5 {[%emt 0:01:37]} 21. Rc3 {[%emt 0:04:04]} a4 {[%emt 0:06:00]} 22. Rac1 {[%emt 0:11:18]} Rac8 {[%emt 0:00:46]} 23. Nde1 {[%emt 0:07:20]} Nb8 {[%emt 0:36:56]} 24. Rxc7 {[%emt 0:19:36]} Rxc7 {[%emt 0:00:21]} 25. Rxc7 {[%emt 0:00:33]} Qxc7 {[%emt 0:00:05]} 26. Qb5 {[%emt 0:00:37]} Qc6 {[%emt 0:00:18]} 27. Qxc6 {[%emt 0:00:11]} Nxc6 {[%emt 0:00:06]} 28. Nd3 {[%emt 0:00:55]} Kf8 {[%emt 0:02:13]} 29. Kf1 {[%emt 0:02:48]} Ke8 {[%emt 0:00:12]} 30. Ke1 {[%emt 0:03:05]} Kd7 {[%emt 0:00:39]} 31. Kd1 {[%emt 0:00:32]} h6 {[%emt 0:06:06]} 32. Bc3 {[%emt 0:07:04]} g5 {[%emt 0:01:25]} 33. Ke2 {[%emt 0:07:32]} Kc7 {[%emt 0:05:15]} 34. g3 {[%emt 0:06:38]} g4 {[%emt 0:04:48]} 35. Nd2 {[%emt 0:04:56]} Kb7 {[%emt 0:02:28]} 36. Kd1 {[%emt 0:01:45]} Ka6 {[%emt 0:00:14]} 37. Kc2 {[%emt 0:02:35]} Kb5 {[%emt 0:00:19]} 38. Nc1 {[%emt 0:02:38]} h5 {[%emt 0:03:38]} 39. Kd3 {[%emt 0:01:22]} h4 {[%emt 0:00:42]} 40. Ne2 {[%emt 0:00:00]} h3 {[%emt 0:01:33]} 41. Nf1 {[%emt 0:12:03]} Na5 {[%emt 0:08:36]} 42. Be1 {[%emt 0:12:58]} Ka6 {[%emt 0:02:34]} 43. Nc1 {[%emt 0:07:21]} Nc4 {[%emt 0:01:55]} 44. Kc2 {[%emt 0:02:49]} Nd8 {[%emt 0:01:46]} 45. Na2 {[%emt 0:00:37]} Nc6 {[%emt 0:00:34]} 46. Bc3 {[%emt 0:00:32]} Kb5 {[%emt 0:08:24]} 47. Nc1 {[%emt 0:00:33]} N6a5 {[%emt 0:07:33]} 48. Nd3 {[%emt 0:00:29]} Nb3 {[%emt 0:09:20]} 49. Nf2 {[%emt 0:00:29]} Nca5 {[%emt 0:03:11]} 50. Ne3 {[%emt 0:00:31]} Nc6 {[%emt 0:01:21]} 51. Kd3 {[%emt 0:00:31]} Nc1+ {[%emt 0:01:33]} 52. Kd2 Na2 {[%emt 0:01:17]} 53. Kd3 {[%emt 0:00:53]} Nxc3 {[%emt 0:00:31]} 54. Kxc3 {[%emt 0:00:06]} Ka5 {[%emt 0:00:07]} 55. Nc2 {[%emt 0:00:53]} Kb5 {[%emt 0:02:14]} 56. Ne3 {[%emt 0:00:40]} Na5 {[%emt 0:00:35]} 57. Nd3 {[%emt 0:00:25]} Nb3 {[%emt 0:01:07]} 58. Nc2 {[%emt 0:00:33]} 1/2-1/2

[Event "20th Heraklion IT Open 2017"]
[Site "Heraklion"]
[Date "2017.04.19"]
[Round "4"]
[White "Damia, Angelo"]
[Black "Antic, Dejan"]
[Result "0-1"]
[WhiteElo "2417"]
[BlackElo "2472"]
[Annotator "TA"]
[PlyCount "56"]
[EventDate "2017.??.??"]
[EventType "swiss"]
[EventCountry "GRE"]
[SourceTitle "playchess.com"]
[Source "ChessBase"]
[SourceQuality "1"]

{[%evp 17,56,18,4,11,31,37,50,44,42,-6,78,29,31,38,69,66,82,0,0,-40,-35,-77,-69,-74,-77,-72,0,-276,-306,-260,-179,-282,-279,-400,-395,-386,-366,-389,-362,-353,-359]} 1. e4 e6 2. d4 d5 3. Nc3 Bb4 4. a3 Bxc3+ 5. bxc3 dxe4 6. Qg4 Nf6 7. Qxg7 Rg8 8. Qh6 Rg6 9. Qe3 Nc6 10. Ne2 {C15: French: 3 Nc3 Bb4: Unusual White 4th moves} e5 (10... Ne7 11. Ng3 Ned5 12. Qd2 b6 13. Bb5+ Bd7 14. Be2 Bc6 15. c4 Ne7 16. a4 h5 17. h4 Qd7 {1-0 (39) Savchenko,B (2602)-Bajarani,U (2516) Canakkale 2016}) 11. dxe5 Nxe5 12. Nf4 {White is slightly better.} Rg8 13. a4 $146 (13. h3 Qe7 14. a4 Ng6 15. Nxg6 Rxg6 16. Ba3 Qe5 17. O-O-O Be6 {1-0 (26) Sukhorskij,V (2127)-Gajnulov,A (1853) LSS email 2011}) 13... b6 (13... Bg4 $1 $11 14. Ba3 Qd7) 14. Ba3 Neg4 15. Qd4 c5 16. Qxd8+ Kxd8 17. Bc4 (17. c4 $16) 17... Ne5 $11 18. O-O-O+ Kc7 19. Nd5+ Nxd5 20. Bxd5 Bb7 21. Rhe1 {[#]} f5 (21... Nd3+ $1 $17 {[%mdl 512]} 22. cxd3 Bxd5) 22. f3 $2 {[%mdl 8192]} (22. Bxg8 $11 {and White is okay.} Rxg8 23. g3) 22... Bxd5 $19 ({Don't do} 22... Rxg2 23. fxe4 f4 24. Bb2 $17) 23. Rxd5 Nc4 ({Weaker is} 23... exf3 24. Rdxe5 fxg2 25. Rg1 $11) 24. Rxf5 (24. Bxc5 {keeps fighting.} exf3 25. Bf2 Rxg2 26. Rd4 Rxf2 27. Rxc4+ Kd7 28. Rd4+ Kc7 29. Re7+ Kc6 30. Red7) 24... Nxa3 25. Rxe4 (25. g3 {might work better.}) 25... Rxg2 {Black is winning.} 26. Rf7+ Kc6 27. Kb2 Nxc2 28. Kb3 Rxh2 0-1

[Event "20th Heraklion IT Open 2017"]
[Site "Heraklion"]
[Date "2017.04.19"]
[Round "4"]
[White "Wallace, John Paul"]
[Black "Sredojevic, Ivan"]
[Result "1/2-1/2"]
[WhiteElo "2404"]
[BlackElo "2351"]
[Annotator "ChessBase"]
[PlyCount "109"]
[EventDate "2017.??.??"]
[EventType "swiss"]
[EventCountry "GRE"]
[SourceTitle "playchess.com"]
[Source "ChessBase"]
[SourceQuality "1"]
[TimeControl "40/5400+30:1800+30"]

1. d4 {[%emt 0:00:00]} Nf6 {[%emt 0:00:07]} 2. c4 {[%emt 0:00:14]} e6 {[%emt 0:00:08]} 3. Nf3 {[%emt 0:03:19]} Bb4+ {[%emt 0:00:12]} 4. Bd2 {[%emt 0:04:51]} Qe7 {[%emt 0:00:07]} 5. g3 {[%emt 0:00:52]} Nc6 {[%emt 0:00:47]} 6. Nc3 {[%emt 0:00:22]} O-O {[%emt 0:00:11]} 7. Bg2 {[%emt 0:00:46]} Na5 {[%emt 0:00:14]} 8. b3 {[%emt 0:02:12]} b6 {[%emt 0:00:16]} 9. Ne5 {[%emt 0:07:07]} Bb7 {[%emt 0:00:16]} 10. Bxb7 {[%emt 0:01:44]} Nxb7 {[%emt 0:00:09]} 11. O-O {[%emt 0:01:10]} c5 {[%emt 0:02:04]} 12. dxc5 {[%emt 0:09:39]} Nxc5 {[%emt 0:10:33]} 13. Nd3 {[%emt 0:00:57]} Nxd3 {[%emt 0:12:36]} 14. exd3 {[%emt 0:00:01]} d5 {[%emt 0:01:55]} 15. Nb5 {[%emt 0:33:10]} Rfd8 {[%emt 0:10:47]} 16. Bxb4 {[%emt 0:03:07]} Qxb4 {[%emt 0:00:11]} 17. Qc2 {[%emt 0:05:37]} Rac8 {[%emt 0:10:45]} 18. Rac1 {[%emt 0:02:55]} dxc4 {[%emt 0:08:16]} 19. dxc4 {[%emt 0:03:04]} a6 {[%emt 0:12:22]} 20. Nc3 {[%emt 0:09:36]} b5 {[%emt 0:00:51]} 21. Ne4 {[%emt 0:00:36]} Nxe4 {[%emt 0:08:09]} 22. Qxe4 {[%emt 0:00:04]} bxc4 {[%emt 0:00:24]} 23. Rxc4 {[%emt 0:00:04]} Rxc4 {[%emt 0:01:50]} 24. bxc4 {[%emt 0:00:28]} g6 {[%emt 0:04:30]} 25. Qc6 {[%emt 0:02:11]} Qd6 {[%emt 0:07:26]} 26. Qa4 {[%emt 0:00:09]} Qb6 {[%emt 0:01:14]} 27. Rd1 {[%emt 0:01:47]} Rxd1+ {[%emt 0:05:21]} 28. Qxd1 {[%emt 0:00:01]} Qb2 {[%emt 0:00:32]} 29. c5 {[%emt 0:02:53]} Qc3 {[%emt 0:00:35]} 30. Qa4 {[%emt 0:05:14]} Qc1+ {[%emt 0:00:37]} 31. Kg2 {[%emt 0:00:01]} Qxc5 {[%emt 0:00:12]} 32. Qxa6 {[%emt 0:00:05]} Qd5+ {[%emt 0:00:22]} 33. Kg1 {[%emt 0:00:12]} h5 {[%emt 0:01:48]} 34. h4 {[%emt 0:01:38]} g5 {[%emt 0:00:45]} 35. hxg5 {[%emt 0:00:25]} Qxg5 {[%emt 0:00:16]} 36. Qc4 {[%emt 0:00:25]} Qf5 {[%emt 0:01:00]} 37. a4 {[%emt 0:00:22]} Qb1+ {[%emt 0:00:24]} 38. Qf1 {[%emt 0:01:08]} Qa2 {[%emt 0:00:41]} 39. Qb5 {[%emt 0:00:17]} Qa1+ {[%emt 0:00:25]} 40. Kg2 {[%emt 0:00:00]} Qd4 {[%emt 0:00:28]} 41. a5 {[%emt 0:03:33]} Qe4+ {[%emt 0:06:20]} 42. Kg1 {[%emt 0:01:41]} Qe1+ {[%emt 0:01:20]} 43. Kg2 {[%emt 0:00:01]} Qe4+ {[%emt 0:00:11]} 44. Kh2 {[%emt 0:00:58]} Qf3 {[%emt 0:05:50]} 45. Kg1 {[%emt 0:08:32]} Kh7 {[%emt 0:07:37]} 46. a6 {[%emt 0:04:23]} h4 {[%emt 0:01:19]} 47. Qa4 {[%emt 0:00:53]} h3 {[%emt 0:02:36]} 48. Qh4+ {[%emt 0:00:04]} Kg6 {[%emt 0:02:22]} 49. Qxh3 {[%emt 0:00:02]} Qa3 {[%emt 0:02:30]} 50. Qg4+ {[%emt 0:01:04]} Kh6 {[%emt 0:00:41]} 51. Qf4+ {[%emt 0:00:23]} Kg7 {[%emt 0:02:33]} 52. Qe5+ {[%emt 0:00:51]} Kh7 {[%emt 0:00:42]} 53. Qe4+ {[%emt 0:00:10]} Kg7 {[%emt 0:00:32]} 54. Qb7 {[%emt 0:00:13]} Qc1+ {[%emt 0:02:10]} 55. Kg2 {[%emt 0:00:07]} 1/2-1/2

[Event "20th Heraklion IT Open 2017"]
[Site "Heraklion"]
[Date "2017.04.19"]
[Round "4"]
[White "Martorelli, Antonio"]
[Black "Lirindzakis, Timotheos"]
[Result "1/2-1/2"]
[WhiteElo "2220"]
[BlackElo "2177"]
[Annotator "TA"]
[PlyCount "77"]
[EventDate "2017.??.??"]
[EventType "swiss"]
[EventCountry "GRE"]
[SourceTitle "playchess.com"]
[Source "ChessBase"]
[SourceQuality "1"]
[TimeControl "40/5400+30:1800+30"]

{[%evp 8,77,4,0,0,0,0,32767,12,18,20,10,14,5,25,32767,32767,12,32767,8,22,3,32767,32767,32767,32767,32767,32767,32767,32767,32767,-13,32767,-18,11,0,32767,0,102,69,32767,138,333,32767,339,336,32767,197,385,309,483,182,348,417,392,311,348,386,445,364,715,32767,29991,29992,29992,29993,29993,29994,29994,1239,29995,29996]} 1. d4 {[%emt 0:04:06]} Nf6 {[%emt 0:00:07]} 2. Nf3 {[%emt 0:00:09]} e6 {[%emt 0:00:07]} 3. e3 {[%emt 0:00:39]} b6 {[%emt 0:00:11]} 4. Bd3 {[%emt 0:00:15]} Bb7 {[%emt 0:00:03]} 5. Nbd2 {[%emt 0:00:09]} c5 {[%emt 0:00:09]} 6. O-O {[%emt 0:00:16]} Nc6 {[%emt 0:01:06]} 7. a3 {[%emt 0:02:58]} Be7 {[%emt 0:00:43]} 8. b3 {[%emt 0:00:14]} Qc7 {[%emt 0:06:23]} 9. Bb2 {[%emt 0:01:54]} O-O {[%emt 0:07:38]} 10. c4 {[%emt 0:00:48] LiveBook: 8 Games A47: 1 d4 Nf6 2 Nf3 b6: Torre, London and Colle Systems} (10. Rc1 Rad8 11. c4 cxd4 12. exd4 Qf4 13. Re1 d5 14. c5 bxc5 15. dxc5 a5 16. Ne5 d4 17. g3 Qh6 {1-0 (44) Rahman,Z (2528)-Chernyshov,K (2597) Chennai 2011}) 10... d6 {[%emt 0:06:04]} 11. Re1 {[%emt 0:01:55]} Rfd8 {[%emt 0:01:58]} 12. Rc1 {[%emt 0:02:02]} Rac8 {[%emt 0:02:10]} 13. Qe2 {[%emt 0:01:50]} Qd7 $146 {[%emt 0:04:12]} (13... Qb8 14. h3 a6 15. Nh2 cxd4 16. exd4 d5 17. c5 bxc5 18. dxc5 {0-1 (44) Berkell,P (2242)-Ekelund,P (2112) Sweden 2005}) 14. Ne4 {[%emt 0:02:32]} Nxe4 {[%emt 0:16:09]} 15. Bxe4 {[%emt 0:00:08]} d5 {[%emt 0:01:08]} 16. Bb1 {[%emt 0:03:42]} dxc4 {[%emt 0:06:54]} 17. Qc2 {[%emt 0:12:51]} g6 {[%emt 0:05:15]} 18. bxc4 {[%emt 0:08:33]} Na5 19. Ne5 {[%emt 0:04:08]} Qe8 {[%emt 0:26:42]} 20. Ba2 {[%emt 0:23:12]} f6 {[%emt 0:01:55]} 21. Nd3 {[%emt 0:03:42]} Qf7 {[%emt 0:04:01]} 22. Qc3 {[%emt 0:04:25]} Nc6 {[%emt 0:03:57]} (22... Kg7 $11 {keeps the balance.}) 23. d5 $1 {[%emt 0:02:01]} Nb8 {[%emt 0:00:10]} 24. e4 {[%emt 0:07:38]} e5 {[%emt 0:00:14]} (24... Rf8 {was worth a try.} 25. e5 fxe5) 25. Nxe5 {[%emt 0:02:14]} fxe5 {[%emt 0:01:27]} 26. Qxe5 {[%emt 0:00:05]} Kf8 {[%emt 0:00:29]} 27. Qg3 {[%emt 0:03:15]} (27. Re3 $142 Qg8 28. Qg3) 27... Ke8 $2 {[%emt 0:02:44]} (27... Nc6) 28. e5 {[%emt 0:00:23]} Qf5 $2 {[%emt 0:00:56]} (28... Nc6 29. e6 (29. dxc6 Bxc6 30. e6 Qf5 $16) 29... Qg8 30. dxc6 Rxc6) 29. f4 {[%emt 0:02:11]} (29. e6 $142) 29... b5 {[%emt 0:01:15]} (29... Qh5 $142 30. e6 Nc6) 30. Bb1 {[%emt 0:00:40]} ({Weaker is} 30. cxb5 Bxd5 31. Bb1 Qf7 $15) ({Don't play} 30. d6 Qe6 31. Bb1 (31. dxe7 Rd2 32. Bb1 Rxg2+ 33. Qxg2 Bxg2 34. Kxg2 bxc4 $19) 31... b4 32. dxe7 Rd2) 30... Qh5 {[%emt 0:00:18]} 31. d6 {[%emt 0:02:45]} Bh4 {[%emt 0:00:16]} 32. Qh3 {[%emt 0:00:08]} Kf8 {[%emt 0:01:02]} 33. Re3 {[%emt 0:01:04]} ({Weaker is} 33. cxb5 Bxe1 34. Qxh5 gxh5 $16) 33... Re8 {[%emt 0:00:32]} (33... Nc6 $142 34. g4 Qh6) 34. e6 {[%emt 0:02:11]} Bc6 {[%emt 0:00:37]} 35. e7+ {[%emt 0:00:13]} Bxe7 {[%emt 0:00:29]} 36. dxe7+ {[%emt 0:00:05]} ({Not} 36. Rxe7 Qxh3 37. gxh3 Rxe7 38. dxe7+ Kxe7 $16) 36... Rxe7 {[%emt 0:00:22]} 37. Qxc8+ {[%emt 0:00:08]} Kf7 {[%emt 0:00:28]} 38. Rxe7+ {[%emt 0:00:21]} Kxe7 {[%emt 0:00:04]} 39. Re1+ {[%emt 0:00:21]} 1/2-1/2

[Event "20th Heraklion IT Open 2017"]
[Site "Heraklion"]
[Date "2017.04.19"]
[Round "4"]
[White "Friedel, Marcus"]
[Black "Bras, Emanouel"]
[Result "1/2-1/2"]
[WhiteElo "2182"]
[BlackElo "1898"]
[Annotator "TA"]
[PlyCount "78"]
[EventDate "2017.??.??"]
[EventType "swiss"]
[EventCountry "GRE"]
[SourceTitle "playchess.com"]
[Source "ChessBase"]
[SourceQuality "1"]

{[%evp 23,78,1,8,0,12,-7,0,-6,0,-10,-9,-25,-10,-38,0,0,27,27,88,5,22,14,19,0,39,39,44,35,54,55,36,44,44,44,47,52,45,27,38,31,33,16,16,0,0,0,0,-4,0,-53,-29,-52,-47,-45,-43,-56,-31]} 1. e4 e5 2. Nf3 Nc6 3. Bb5 a6 4. Ba4 Nf6 {[%cal Bg8f6,Bf6d7,Bd7c5][%mdl 32]} 5. O-O Be7 6. Bxc6 dxc6 7. d3 Nd7 8. b3 O-O 9. Bb2 f6 10. Nbd2 Nc5 11. d4 exd4 12. Nxd4 Re8 13. Qh5 $146 {C85: Closed Ruy Lopez: Deferred Exchange Variation} (13. Qe2 Bd6 14. Rad1 Qe7 15. Qc4+ Qf7 16. Qxf7+ Kxf7 17. f3 Ne6 18. Nc4 Bc5 19. Kh1 a5 20. a4 b5 {½-½ (43) Kanovsky,D (2455)-Hracek,Z (2609) Czech Republic 2015}) 13... Bf8 14. Rad1 Qd7 15. Rde1 {The position is equal.} Qf7 16. Qxf7+ Kxf7 17. f4 Kg8 18. f5 Bd7 19. g4 Bd6 20. N4f3 Re7 (20... Rad8 $11 {remains equal.}) 21. Rf2 (21. e5 $16 fxe5 22. Bxe5 (22. Nxe5 Rae8 23. Ndf3 Bc8 $11)) 21... Rae8 $11 {[%cal Rc5e4]} 22. Rfe2 Bc8 23. Kg2 Kf7 (23... a5 $5 {seems wilder.} 24. Ba3 h5 25. h3 g6 26. e5 hxg4 27. hxg4 gxf5 28. gxf5 Bxf5 29. Nd4 Rg7+) 24. e5 fxe5 25. Nxe5+ ({Don't capture} 25. Bxe5 $2 Nd7 26. Nc4 b5 $19) 25... Bxe5 26. Rxe5 Rxe5 27. Rxe5 Rxe5 28. Bxe5 $14 {[%mdl 4096] Endgame KBN-KBN} h5 29. Bd4 Nd7 30. Kg3 c5 31. Bb2 hxg4 32. Ne4 Nf8 33. Nxc5 b6 34. Nd3 Bxf5 35. Ne5+ Ke6 36. Nc6 ({White should play} 36. Nxg4 $11 Bxc2 37. Bxg7) 36... Kd6 37. Nd4 Bd7 {Black is slightly better.} 38. c4 c5 39. Nc2 g6 1/2-1/2